000 00508cam a2200145 4500500
005 20251228090849.0
041 _afre
042 _adc
100 1 0 _aSavin, Pierre
_eauthor
245 0 0 _aLes Cahiers de la quinzaine de la vente Mitterrand
260 _c2018.
500 _a20
786 0 _nBulletin de l’Amitié Charles Péguy | 164 | 4 | 2018-04-23 | p. 391-391 | 0180-8567
856 4 1 _uhttps://shs.cairn.info/revue-bulletin-de-lamitie-charles-peguy-2018-4-page-391?lang=fr&redirect-ssocas=7080
999 _c1602804
_d1602804